000 00393 a2200133 4500
001 90561
082 _a297.63 MUH
090 _c42896
_d42896
100 _aMuhammad Akhtar Nawaz Khan Al Qadri
245 _aRasool Ullah (SAW) kay do hazar Mujzaat
_cMuhammad Akhtar Nawaz Dr
_hUrdu
260 _aRawalpindi
_bRomail House Publication
_c2014
300 _a976p.
500 _aGeneral Collection
942 _aCAE NUST
_k297.63 MUH
999 _c325634
_d325634